| 000 | 00477nam a2200157 i 4500 | ||
|---|---|---|---|
| 001 | 37957 | ||
| 003 | ES-MaACL | ||
| 005 | 20230906155654.0 | ||
| 007 | t| | ||
| 008 | 030224s1959 sp ||||1| spa d | ||
| 100 | 1 |
_aBurgues Esteban, José María. _932676 |
|
| 245 | 1 | 0 |
_aRadiestesia práctica / _cJosé María Burgues Esteban. |
| 260 |
_aBarcelona : _bSintes, _c[1959] ( _fFernando Soler Queralt) |
||
| 300 |
_a163 p. : _bil. ; _c18 cm. |
||
| 852 |
_aES-MaACL _jC-17530 _bR.45598 |
||
| 999 |
_c37957 _d37957 |
||